Abertzales y vascos (Record no. 70706)

MARC details
000 -LEADER
campo de control de longitud fija 00836nam a2200241 i 4500
001 - NÚMERO DE CONTROL
campo de control 70706
003 - IDENTIFICADOR DE NÚMERO DE CONTROL
campo de control ES-MaACL
005 - FECHA Y HORA DE LA ÚLTIMA TRANSACCIÓN
campo de control 20230906170909.0
007 - CAMPO FIJO DE DESCRIPCIÓN FÍSICA--INFORMACIÓN GENERAL
campo de control de longitud fija t|
008 - DATOS DE LONGITUD FIJA--INFORMACIÓN GENERAL
campo de control de longitud fija 040802s1982 sp ||||1| spa d
100 1# - ENTRADA PRINCIPAL--NOMBRE DE PERSONA
Nombre de persona Garmendia Martínez, José A.
9 (RLIN) 169869
245 10 - MENCIÓN DEL TÍTULO
Título Abertzales y vascos
Resto del título : identificación vasquista y nacionalista en País Vasco /
Mención de responsabilidad, etc. José A. Garmendia, Francisco Parra Luna, Alfonso Pérez Agote.
260 ## - PUBLICACIÓN, DISTRIBUCIÓN, ETC.
Lugar de publicación, distribución, etc. [Madrid] :
Nombre del editor, distribuidor, etc. Akal,
Fecha de publicación, distribución, etc. [1982]
300 ## - DESCRIPCIÓN FÍSICA
Extensión 183 p. ;
Dimensiones 22 cm.
490 1# - MENCIÓN DE SERIE
Mención de serie Akal universitaria ;
Designación de volumen o secuencia 35
650 #4 - PUNTO DE ACCESO ADICIONAL DE MATERIA--TÉRMINO DE MATERIA
Término de materia o nombre geográfico como elemento de entrada Nacionalismo-
Subdivisión geográfica País Vasco.
9 (RLIN) 15458
700 1# - ENTRADA AGREGADA--NOMBRE PERSONAL
Nombre de persona Parra Luna, Francisco.
9 (RLIN) 89249
700 1# - ENTRADA AGREGADA--NOMBRE PERSONAL
Nombre de persona Pérez-Agote, Alfonso.
9 (RLIN) 90621
830 0# - PUNTO DE ACCESO ADICIONAL DE SERIE-TÍTULO UNIFORME
Título uniforme Akal universitaria ;
Designación de volumen o secuencia 35
9 (RLIN) 177901
852 ## - LOCALIZACIÓN
Ubicación ES-MaACL
Número de control de estantería L-1830
Sublocalización o colección R.102464
852 ## - LOCALIZACIÓN
Ubicación ES-MaACL
Número de control de estantería L-7755
Sublocalización o colección R.108316
Holdings
Estatus retirado Estado de pérdida Estado de daño No para préstamo Biblioteca de origen Biblioteca actual Ubicación en estantería Fecha de adquisición Fuente de adquisición Total de préstamos Signatura topográfica completa Código de barras Visto por última vez Precio de reemplazo Tipo de ítem Koha
        Biblioteca del Ateneo de Madrid Biblioteca del Ateneo de Madrid Depósito 2 17/01/2008     L-7755 1074035 23/02/2023 23/02/2023 Libro impreso
        Biblioteca del Ateneo de Madrid Biblioteca del Ateneo de Madrid Depósito 2 17/01/2008     L-1830 1074034 23/02/2023 23/02/2023 Libro impreso